Normal view
MARC view
- DALRYMPLE, Douglas J.,
Entry Personal Name
001 - CONTROL NUMBER
- control field: 7165
003 - CONTROL NUMBER IDENTIFIER
- control field: OSt
005 - DATE AND TIME OF LATEST TRANSACTION
- control field: 20170523122015.0
008 - FIXED-LENGTH DATA ELEMENTS
- fixed length control field: 170523|| aca||aabn | a|a d
040 ## - CATALOGING SOURCE
- Original cataloging agency: OSt
- Transcribing agency: OSt
100 ## - HEADING--PERSONAL NAME
- Personal name: DALRYMPLE, Douglas J.,
670 ## - SOURCE DATA FOUND
- Source citation: Work cat.: (OSt): DALRYMPLE, Douglas J.,, Retailing: an economic view.

PORTAL AKMAL
E-MEL JKDM
AKMAL2U
G-BAM
u-PUSTAKA